[Event "Kieler Open 2017-B"]
[Site "Kiel"]
[Date "2017.08.01"]
[Round "6.18"]
[White "Möller, Rainer"]
[Black "Schwerdt, Karsten"]
[Result "1-0"]
[WhiteElo "1414"]
[BlackElo "951"]
[PlyCount "77"]
[Annotator "JG"]

1. e4 e5 2. Nf3 Nc6 3. d4 f6 4. Bc4 d6 5. dxe5 fxe5 6. O-O Be7 7. Qd5 Qd7 8.
Qf7+ Kd8 9. Bg5 h6 10. Bxe7+ Qxe7 11. Qd5 Nb4 12. Qd1 Nf6 13. Re1 Be6 14. Bxe6
Qxe6 15. a3 Nc6 16. Nc3 Ne7 17. Qd2 a6 18. Rad1 Ke8 19. Nd5 Rc8 20. c4 b6 21.
b4 Kf7 22. a4 Nc6 23. b5 axb5 24. axb5 Na5 25. Qc3 Nb7 26. Ra1 Nc5 27. Nd2 Rhf8
28. f3 h5 29. Ra7 Qd7 30. Nxb6 Qd8 31. Nxc8 Qxc8 32. b6 Nb7 33. Rb1 c5 34. Nb3
Kg8 35. Na5 Rf7 36. Nxb7 Rxb7 37. Rxb7 Qxb7 38. Qa5 Nd7 39. Qa7 1-0

[Event "Kieler Open 2017-B"]
[Site "Kiel"]
[Date "2017.08.01"]
[Round "6.19"]
[White "Rempe, Janne"]
[Black "Salwasser, Andrej"]
[Result "1-0"]
[WhiteElo "1237"]
[BlackElo "1081"]
[PlyCount "65"]
[Annotator "JG"]

1. d4 d5 2. Nf3 Nf6 3. Bf4 Bf5 4. c3 c6 5. e3 e6 6. Nbd2 Nbd7 7. Be2 Be7 8. Nh4
Bg4 9. g3 Bxe2 10. Qxe2 h6 11. Nhf3 g5 12. Be5 Nxe5 13. Nxe5 Bd6 14. Ndf3 Ne4
15. O-O Qf6 16. Ng4 Qf5 17. Nfe5 h5 18. f3 Nf6 19. e4 Nxe4 20. fxe4 Qxe4 21.
Nf6+ Ke7 22. Nxe4 Bxe5 23. dxe5 dxe4 24. Qxe4 Ke8 25. Rad1 a6 26. Qd4 Kf8 27.
Qd6+ Kg7 28. Qe7 Rh6 29. Rxf7+ Kg8 30. Rg7+ Kh8 31. Rxg5 Rg8 32. Rxg8+ Kxg8 33.
Rd8# 1-0

[Event "Kieler Open 2017-B"]
[Site "Kiel"]
[Date "2017.08.01"]
[Round "6.22"]
[White "Stolzenwald, Frank"]
[Black "Höfken, Fynn-Lukas"]
[Result "1/2-1/2"]
[WhiteElo "1448"]
[BlackElo "792"]
[PlyCount "44"]
[Annotator "JG"]

1. f3 e5 2. h4 Nf6 3. g3 Nc6 4. e4 Bc5 5. d3 d6 6. Nc3 O-O 7. Na4 Be6 8. Nxc5
dxc5 9. Be3 Nd4 10. Bxd4 Qxd4 11. c3 Qe3+ 12. Qe2 Qxe2+ 13. Kxe2 Nh5 14. Kf2 g6
15. g4 Nf6 16. Bh3 Nd7 17. g5 Bxh3 18. Rxh3 f6 19. c4 fxg5 20. hxg5 Kg7 21. Ke3
c6 22. a4 a5 1/2-1/2

[Event "Kieler Open 2017-B"]
[Site "Kiel"]
[Date "2017.08.01"]
[Round "6.23"]
[White "Harting-Maas, Daniel"]
[Black "Voges, Jens Christian"]
[Result "1-0"]
[WhiteElo "1346"]
[BlackElo "1250"]
[PlyCount "35"]
[Annotator "JG"]

1. e4 e5 2. Nf3 Nc6 3. Bb5 d6 4. O-O Nf6 5. Bxc6+ bxc6 6. d3 Be7 7. Nc3 O-O 8.
Re1 h6 9. Be3 Be6 10. d4 exd4 11. Bxd4 Qd7 12. e5 Nd5 13. Qd2 a6 14. Nxd5 Bxd5
15. Qc3 c5 16. exd6 cxd6 17. Bxg7 Rfe8 18. Bxh6 1-0

[Event "Kieler Open 2017-B"]
[Site "Kiel"]
[Date "2017.08.02"]
[Round "7.1"]
[White "Schwerdt, Alwin Elias"]
[Black "Kreutz, Ralf"]
[Result "0-1"]
[WhiteElo "1553"]
[BlackElo "1666"]
[Annotator "RW"]
[PlyCount "60"]

1.e4 e5 2.Nf3 Nc6 3.Bc4 Nf6 4.d3 d5 5.exd5 Nxd5 6.Qe2 Be6 7.0-0 Bd6 8.d4 Qf6
9.Re1 Nf4 10.Bxf4 Bxc4 11.Qe3 Qf5 12.dxe5 Be7 13.c3 0-0-0 14.Nbd2 Bd5 15.Bg5
Bxg5 16.Qxg5 Qxg5 17.Nxg5 h6 18.Nh3 Bxg2 19.Kxg2 Rxd2 20.Rab1 Re8 21.Kg3 Rxe5
22.Rxe5 Nxe5 23.Re1 Ng6 24.Re8+ Kd7 25.Rg8 Ne7 26.Rf8 Nf5+ 27.Kf4 Nd6 28.Ke5
Rxb2 29.Nf4 Rxf2 30.Nh5 Rf5+ 0-1

[Event "Kieler Open 2017-B"]
[Site "Kiel"]
[Date "2017.08.02"]
[Round "7.2"]
[White "Bahr, Arne"]
[Black "Werner, René"]
[Result "1/2-1/2"]
[WhiteElo "1667"]
[BlackElo "1874"]
[Annotator "RW"]
[PlyCount "81"]

1. f4 d5 2. b3 Nf6 3. e3 Bf5 4. Nf3 h6 5. Bb2 e6 6. Be2 Be7 7. O-O O-O 8. Ne5
Bh7 9. Bf3 Nbd7 10. d3 c5 11. c4 Nb6 12. a4 Rc8 13. Nc3 Nbd7 14. Qe2 Nb8 15. g4
a6 16. g5 hxg5 17. fxg5 d4 18. gxf6 Bxf6 19. Ng4 dxc3 20. Nxf6+ Qxf6 21. Ba3
Qg6+ 22. Kh1 Qxd3 23. Qg2 c2 24. Rg1 Qc3 25. Ra2 Qf6 26. Bb2 e5 27. Bxb7 Rc7
28. Bd5 Bg6 29. e4 Nc6 30. Bc1 Nb4 31. Bg5 Qd6 32. Raa1 Nc6 33. Qxc2 Nd4 34.
Qd3 Rb8 35. Rae1 Qb6 36. Rg3 Ne6 37. Bd2 Nf4 38. Bxf4 exf4 39. Rf3 Qf6 40. Qd2
Bh5 41. Rxf4 1/2-1/2

[Event "Kieler Open 2017-B"]
[Site "Kiel"]
[Date "2017.08.02"]
[Round "7.3"]
[White "Sowa, Kay"]
[Black "Jung, Ingo"]
[Result "1/2-1/2"]
[WhiteElo "1713"]
[BlackElo "1648"]
[Annotator "RW"]
[PlyCount "30"]

1.d4 Nf6 2.Bf4 e6 3.e3 d5 4.c3 Bd6 5.Bg3 Ne4 6.Bd3 Nxg3 7.hxg3 h6 8.Qg4 Qf6
9.Nd2 Nc6 10.f4 Bd7 11.e4 dxe4 12.Nxe4 Qe7 13.Nxd6+ cxd6 14.Qxg7 0-0-0 15.Rxh6 Rhg8 1/2-1/2

[Event "Kieler Open 2017-B"]
[Site "Kiel"]
[Date "2017.08.02"]
[Round "7.4"]
[White "Zechel, Rolf-Rüdiger"]
[Black "Koch, Ralf-Johannes"]
[Result "1/2-1/2"]
[WhiteElo "1707"]
[BlackElo "1787"]
[Annotator "RW"]
[PlyCount "67"]

1.d4 Nf6 2.Bf4 g6 3.e3 Bg7 4.Nf3 d6 5.h3 0-0 6.Be2 Nbd7 7.0-0 c5 8.c3 b6
9.Nbd2 Bb7 10.a4 Nd5 11.Bh2 Nc7 12.Rb1 e5 13.Nb3 cxd4 14.cxd4 e4 15.Ne1 d5
16.Nd2 Ne6 17.b4 f5 18.Nc2 Bh6 19.b5 f4 20.Rc1 Qe7 21.Bg4 Nf6 22.Bxe6+ Qxe6
23.Bxf4 Bxf4 24.exf4 Nh5 25.g3 Qxh3 26.Ne3 Nf6 27.Rc7 Bc8 28.Qb3 Be6
29.Rfc1 Qh5 30.Re7 Rfe8 31.Rcc7 Rxe7 32.Rxe7 Re8 33.Rxe8+ Nxe8 34.Nxe4 1/2-1/2

[Event "Kieler Open 2017-B"]
[Site "Kiel"]
[Date "2017.08.02"]
[Round "7.5"]
[White "Gerigk, Daniel"]
[Black "Günther, Emil"]
[Result "1-0"]
[WhiteElo "1626"]
[BlackElo "1610"]
[Annotator "RW"]
[PlyCount "49"]

1.e4 e5 2.Nf3 Nc6 3.Bb5 a6 4.Ba4 Nf6 5.O-O Be7 6.Re1 b5 7.Bb3 O-O 8.c3 d5
9.exd5 Nxd5 10.Nxe5 Nxe5 11.Rxe5 c6 12.d4 Bd6 13.Re1 Qh4 14.g3 Qh3 15.Re4
Qf5 16.Bc2 Qd7 17.Nd2 f5 18.Rh4 Be7 19.Rh3 g6 20.Nf3 f4 21.Rh6 Qg4 22.h3
Qe6 23.gxf4 Nxf4 24.Bxf4 Rxf4 25.Bb3 1-0

[Event "Kieler Open 2017-B"]
[Site "Kiel"]
[Date "2017.08.02"]
[Round "7.7"]
[White "Zielke, Bernd"]
[Black "van Foreest, Nanne"]
[Result "1/2-1/2"]
[WhiteElo "1686"]
[BlackElo "1244"]
[Annotator "RW"]
[PlyCount "44"]

1.b4 e5 2.Bb2 Bxb4 3.Bxe5 Nf6 4.e3 0-0 5.Nf3 d5 6.Be2 c5 7.Bb2 Nc6 8.a3 Ba5 9.0-0 Qb6 10.Bc3 Bxc3 11.Nxc3 d4 12.exd4 cxd4 13.Na4 Qa5 14.c4 dxc3 15.Nxc3 Bg4 16.h3 Bh5 17.Qa4 Qxa4 18.Nxa4 Rad8 19.g4 Bg6 20.Ra2 Nd4 21.Nc3 Nxe2+ 22.Nxe2 Bd3 23.Re1 Rfe8 24.Nc3 Rxe1+ 25.Nxe1 Bc4 26.Rb2 b6 27.Nf3 Nd5 28.Ne5 Nxc3 29.Nxc4 Ne2+ 30.Kh2 g6 31.Ne5 Rd5 32.Nc6 Rd7 33.d3 Nd4 34.Ne5 Re7 35.Nc4 Re2 36.Kg2 Rxb2 37.Nxb2 Nc2 38.a4 Kg7 39.Kf3 Kf6 40.Kf4 g5+ 41.Ke4 Ke6 42.d4 Nb4 43.Nc4 Nd5 44.Ne3 Nc3+ 45.Kd3 Nxa4 46.Kc4 Nb2+ 47.Kc3 Na4+ 48.Kb4 Nb2 49.Kc3 Na4+ 50.Kb4
1/2-1/2

[Event "Kieler Open 2017-B"]
[Site "Kiel"]
[Date "2017.08.02"]
[Round "7.8"]
[White "Plichta, Hans-Reiner"]
[Black "Keir, Robin"]
[Result "1-0"]
[WhiteElo "1837"]
[BlackElo "1594"]
[Annotator "RW"]
[PlyCount "44"]

1.d4 d5 2.c4 e6 3.Nf3 Nf6 4.Bg5 Nbd7 5.e3 c6 6.Bd3 dxc4 7.Bxc4 Qa5+ 8.Nbd2 Ne4 9.h4 Nxg5 10.hxg5 Be7 11.a3 Bxg5 12.b4 Qf5 13.Rh5 Qf6 14.Rxg5 Nb6 15.a4 g6 16.a5 Nd5 17.Bxd5 exd5 18.Re5+ Kd7 19.e4 Qd6 20.exd5 Re8 21.dxc6+ bxc6 22.Rxe8 Kxe8 23.Qc2 Bf5 24.Qc5 Qxc5 25.bxc5 Rd8 26.Ra3 Ke7 27.Rb3 Kf6 28.Kf1 h5 29.Kg1 Kg7 30.Rb4 f6 31.Rb7+ Rd7 32.a6 g5 33.Nc4 Rf7 34.Nd6
1-0

[Event "Kieler Open 2017-B"]
[Site "Kiel"]
[Date "2017.08.02"]
[Round "7.9"]
[White "Kathage, Holger"]
[Black "Möller, Rainer"]
[Result "1-0"]
[WhiteElo "1717"]
[BlackElo "1414"]
[Annotator "RW"]
[PlyCount "44"]

1.d4 Nf6 2.Nf3 e6 3.e3 d5 4.Bd3 Bd6 5.Nbd2 Nbd7 6.0-0 0-0 7.Qe2 c6 8.e4 dxe4 9.Nxe4 Nxe4 10.Qxe4 Nf6 11.Qe2 h6 12.Ne5 Bxe5 13.dxe5 Ne8 14.b3 b6 15.Ba3 c5 16.Qe4 f5 17.Qxa8 Rf7 18.Qf3 Bb7 19.Qe2 Qg5 20.f4 Qg6 21.Rad1 Nc7 22.Bc4
1-0

[Event "Kieler Open 2017-B"]
[Site "Kiel"]
[Date "2017.08.02"]
[Round "7.10"]
[White "Gerull, Dirk"]
[Black "Hogreve, Holger"]
[Result "0-1"]
[WhiteElo "1558"]
[BlackElo "1496"]
[Annotator "RW"]
[PlyCount "44"]

1.d4 d5 2.Bf4 Nf6 3.e3 Bf5 4.Bd3 Bxd3 5.Qxd3 e6 6.Qb5+ Nbd7 7.Qxb7 Qc8 8.Qxc7 Qxc7 9.Bxc7 Rc8 10.Ba5 Rxc2 11.Nf3 Rc1+ 12.Ke2 Rxh1 13.Be1 Bd6 14.g3 Ng4 15.Nbd2 Bb4 16.Rc1 0-0 17.Rc7 Ngf6 18.Rxa7 Bxd2 19.Bxd2 Rb1 20.b4 Rb2 21.a4 Nb6 22.Kf1 Ra8 23.Rxa8+ Nxa8 24.a5 Rb1+ 25.Kg2 Ne4 26.Be1 Nc7 27.Kf1 Na6
0-1

[Event "Kieler Open 2017-B"]
[Site "Kiel"]
[Date "2017.08.02"]
[Round "7.11"]
[White "Fuhrmann, Bahne"]
[Black "Rempe, Janne"]
[Result "0-1"]
[WhiteElo "1508"]
[BlackElo "1237"]
[Annotator "RW"]
[PlyCount "44"]

1.e4 d6 2.d4 Nf6 3.Nc3 Nbd7 4.Bc4 e5 5.Nge2 Be7 6.0-0 c6 7.dxe5 dxe5 8.Ng3 0-0 9.Kh1 b5 10.Bb3 b4 11.Nce2 Bc5 12.Qd3 Ng4 13.Qf3 Qh4 14.h3 Ndf6 15.Be3 Nxe3 16.fxe3 Bxh3 17.Kg1 Bg4 18.Nf5 Bxf3 19.Nxh4 Bxe2 20.Rfe1 Bxe3+ 21.Kh2 Bf4+ 22.g3 Nh5 23.gxf4 Nxf4 24.Rg1 Rad8 25.Rg5 Rd6 26.Rag1 Rh6 27.Kg3 Ne6 28.Rxe5 Kh8 29.Ra5 Nd4 30.Rxa7 Rxh4 31.Bxf7 Rg4+ 32.Kf2 Rf4+ 33.Ke3 Nb5 34.Ra4 R8xf7 35.Kxe2 Rxe4+ 36.Kd3 Rfe7 37.c3 Re3+ 38.Kd2 bxc3+ 39.bxc3 Re2+ 40.Kc1 Nxc3 41.Rf4 h6
0-1

[Event "Kieler Open 2017-B"]
[Site "Kiel"]
[Date "2017.08.02"]
[Round "7.12"]
[White "Howe, Dietrich"]
[Black "Dao, Joerg"]
[Result "0-1"]
[WhiteElo "1508"]
[BlackElo "1489"]
[Annotator "RW"]
[PlyCount "44"]

1.Nf3 d5 2.c4 e6 3.b3 f6 4.g3 c6 5.Bb2 e5 6.Bg2 d4 7.0-0 a5 8.d3 c5 9.Nbd2 g5 10.Ne4 Nc6 11.e3 h5 12.exd4 cxd4 13.a3 Ra6 14.Re1 Bg4 15.h3 Bd7 16.c5 b5 17.Qd2 Be6 18.b4 a4 19.Qe2 Kf7 20.Rad1 Nh6 21.Nh2 Nf5 22.g4 hxg4 23.hxg4 Nh6 24.Qf3 Rg8 25.Qxf6+ Qxf6 26.Nxf6 Kxf6 27.Bf3 Bg7 28.Rd2 Bd7 29.Rde2 Re8 30.Re4 Nf7 31.Bc1 Rh8 32.Nf1 Rh4 33.Ng3 Ra8 34.Nh5+ Kg6 35.Nxg7 Kxg7 36.Kf1 Re8 37.Ke2 Kg6 38.Kd1 Rh3 39.Be2 Reh8 40.f3 Be6 41.Kc2 Bd5 42.Bf1 Rxf3 43.R4e2 Rg3 44.Rf2 Rxg4 45.Rfe2 Rh1 46.Rf2 Rg3 47.Bd2 Bb3+ 48.Kc1 Rgg1 49.Rf3 Bd5 50.Rf2 Nh6 51.Rf8 Nf5 52.Kd1 Rxf1 53.Rxf1 Rxf1+ 54.Ke2 Ng3#
0-1

[Event "Kieler Open 2017-B"]
[Site "Kiel"]
[Date "2017.08.02"]
[Round "7.13"]
[White "Solodky, Willy"]
[Black "Ebeling, Hans-Jürgen"]
[Result "0-1"]
[WhiteElo "1395"]
[BlackElo "1584"]
[Annotator "RW"]
[PlyCount "44"]

1.d4 Nf6 2.c4 e5 3.d5 Bc5 4.Nc3 d6 5.Qc2 Bg4 6.Bg5 Nbd7 7.h3 Bh5 8.e3 h6 9.Bh4 a6 10.Be2 Bg6 11.Bd3 Bxd3 12.Qxd3 g5 13.Bg3 Qe7 14.Nf3 e4 15.Nxe4 Nxe4 16.Bh2 Bb4+ 17.Ke2 0-0-0 18.Nd4 Nef6 19.Nc2 Bc5 20.Rhe1 Qe4 21.Qxe4 Nxe4 22.f3 Nef6 23.a3 Rde8 24.b4 Ba7 25.Rac1 Nb6 26.Kd3 Nbd7 27.Re2 Ne5+ 28.Bxe5 Rxe5 29.a4 Rhe8 30.g4 b5 31.Rd1 bxc4+ 32.Kxc4 Bxe3 33.Rd3 Bf4 34.Rxe5 Rxe5 35.b5 axb5+ 36.axb5 Nd7 37.Nb4 Nb6+ 38.Kd4 Re2 39.Nc6 Be5+ 40.Nxe5 Rxe5
0-1

[Event "Kieler Open 2017-B"]
[Site "Kiel"]
[Date "2017.08.02"]
[Round "7.14"]
[White "Steinbach, Julian"]
[Black "Müller, Bodo"]
[Result "1-0"]
[WhiteElo "1274"]
[BlackElo "1449"]
[Annotator "RW"]
[PlyCount "44"]

1.e4 e6 2.d4 d5 3.Nc3 Nf6 4.Bg5 Be7 5.e5 Nfd7 6.Bxe7 Qxe7 7.Bd3 c5 8.Nb5 Qd8 9.Nd6+ Ke7 10.Qg4 cxd4 11.Qxg7 Nxe5 12.Qxe5 Rf8 13.Nf5+ Ke8 14.Nxd4 Bd7 15.Ngf3 Nc6 16.Nxc6 Bxc6 17.0-0-0 Kd7 18.Qg5 Qe8 19.Ne5+ Kd6 20.Qf4 Ke7 21.Qb4+ Kd8 22.Qd6+ Bd7 23.Nxd7 Qxd7 24.Qxf8+
1-0

[Event "Kieler Open 2017-B"]
[Site "Kiel"]
[Date "2017.08.02"]
[Round "7.15"]
[White "Mandelkow, Lukas"]
[Black "Salwasser, Christian"]
[Result "0-1"]
[WhiteElo "1240"]
[BlackElo "1658"]
[Annotator "RW"]
[PlyCount "44"]

1.d4 d5 2.e3 e6 3.Bd3 c5 4.c3 Nc6 5.Nd2 Nf6 6.f4 cxd4 7.cxd4 Qa5 8.Ngf3 Nb4 9.Be2 Ng4 10.Nb3 Nc2+ 11.Kf1 Ncxe3+ 12.Kg1 Nxd1 13.Nxa5 Ndf2 14.Ne5 Nxe5 15.Kxf2 Nd7 16.Bd2 Be7 17.Rae1 0-0 18.Rhf1 Nf6 19.Kg1 Ne4 20.Be3 Bb4 21.Nb3 Bd7 22.Nc5 Bc6 23.Nxe4 dxe4 24.f5 exf5 25.Rxf5 g6 26.Rf2 Kg7 27.Bc4 Rad8 28.Rd1 Bd5 29.b3 a5 30.Rf4 f5 31.Rf2 Be7 32.g3 h6 33.Rc2 Rc8 34.Bf4 b5 35.Be5+ Bf6 36.Bxf6+ Rxf6 37.Rf1 bxc4 38.bxc4 Rxc4
0-1

[Event "Kieler Open 2017-B"]
[Site "Kiel"]
[Date "2017.08.02"]
[Round "7.17"]
[White "Rempe, Mieke"]
[Black "Korte, Andreas"]
[Result "0-1"]
[WhiteElo "1393"]
[BlackElo "1534"]
[Annotator "RW"]
[PlyCount "44"]

1.e4 d5 2.exd5 Qxd5 3.Nc3 Qd8 4.Nf3 Bg4 5.h3 Bxf3 6.Qxf3 c6 7.Bc4 e6 8.d3 Nf6 9.0-0 Nbd7 10.Re1 Be7 11.Qg3 Nh5 12.Qg4 g6 13.Ne4 Ne5 14.Qd1 Nxc4 15.dxc4 0-0 16.Qf3 Qc7 17.Bh6 Rfd8 18.g4 Ng7 19.Bxg7 Kxg7 20.Qc3+ Kg8 21.Nf6+ Bxf6 22.Qxf6 Rd7 23.Red1 Qd8 24.Qf3 Qe7 25.Rxd7 Qxd7 26.Rd1 Qe7 27.Qd3 Kf8 28.Qd4 e5 29.Qd7 Rb8 30.Qd2 g5 31.Qd6 Qxd6 32.Rxd6 Ke7 33.Rh6 Rh8 34.Kf1 f6 35.h4 gxh4 36.Rxh4 h6 37.Ke2 Kf7 38.Rh3 Kg6 39.Ke3 Rd8 40.f3 Rd1 41.Rh2 Kg5 42.Rd2 Rxd2 43.Kxd2 Kf4 44.Ke2 e4 45.fxe4 Kxg4 46.Kf2 h5 47.Kg2 Kf4 48.Kh3 Kxe4 49.Kh4 f5 50.Kxh5 Ke3 0-1

[Event "Kieler Open 2017-B"]
[Site "Kiel"]
[Date "2017.08.02"]
[Round "7.18"]
[White "Harting-Maas, Daniel"]
[Black "Weck, Uwe"]
[Result "0-1"]
[WhiteElo "1346"]
[BlackElo "1618"]
[Annotator "RW"]
[PlyCount "44"]

1.e4 c5 2.Nf3 d6 3.Bc4 e6 4.0-0 a6 5.Re1 b5 6.Be2 Bb7 7.d3 Nc6 8.Be3 Qc7 9.d4 cxd4 10.Nxd4 Nge7 11.Nc3 Nxd4 12.Bxd4 Nc6 13.Bf3 Rc8 14.Bg4 b4 15.Nd5 exd5 16.Bxc8 Bxc8 17.exd5+ Ne7 18.c3 bxc3 19.Qa4+ Qd7 20.Qb3 f6 21.bxc3 Kf7 22.c4 Nf5 23.Rad1 Be7 24.Qh3 Qd8 25.Qh5+ g6 26.Qf3 Qa5 27.Qe2 Re8 28.h3 Bd7 29.g4 Bd8 30.Qf1 Rxe1 31.Qxe1 Qxe1+ 32.Rxe1 Nxd4 33.Kg2 f5 34.Rh1 Kg7 35.h4 fxg4 36.h5 Bf5 37.h6+ Kf8 38.Rb1 Bxb1
0-1

[Event "Kieler Open 2017-B"]
[Site "Kiel"]
[Date "2017.08.02"]
[Round "7.19"]
[White "Schwerdt, Karsten"]
[Black "Schwerdt, Anton Gabriel"]
[Result "0-1"]
[WhiteElo "951"]
[BlackElo "1488"]
[Annotator "RW"]
[PlyCount "44"]

1.e4 d5 2.exd5 Qxd5 3.Nc3 Qd6 4.Nf3 Nf6 5.d3 e6 6.h3 h6 7.Be3 Be7 8.Be2 Nc6 9.0-0 0-0 10.Ne4 Nxe4 11.dxe4 Qb4 12.b3 Rd8 13.Qc1 Qxe4 14.Nh2 Nb4 15.c3 Nc2 16.Qb1 Qg6 17.Ng4 Nxa1 18.Qxg6 fxg6 19.Rxa1 Bd6 20.Bc4 Kh7 21.Rd1 h5 22.Nh2 Bxh2+ 23.Kxh2 Rxd1 24.a4 Bd7 25.a5 Rd8 26.Bd4 Bc6 27.Bxe6 Re8 28.Bc4 h4 29.Be3 a6 30.Bf7 Re7 31.Bc4 Ra1 32.b4 Rd7 33.Bd4 b5 34.axb6 cxb6 35.Bxb6 Rdd1 36.f3 Rh1#
0-1

[Event "Kieler Open 2017-B"]
[Site "Kiel"]
[Date "2017.08.02"]
[Round "7.20"]
[White "Limper, Cornelia"]
[Black "Stegert, Jonas"]
[Result "0-1"]
[WhiteElo "1295"]
[BlackElo "1320"]
[Annotator "RW"]
[PlyCount "44"]

1.d4 Nf6 2.Bf4 g6 3.Nc3 Bg7 4.e4 d6 5.Be2 0-0 6.Qd2 b6 7.Bh6 Nc6 8.Bxg7 Kxg7 9.Bf3 e5 10.Nge2 Bg4 11.Bxg4 Nxg4 12.d5 Na5 13.Ng3 f5 14.f3 Nh6 15.Qf2 Nb7 16.0-0-0 Nc5 17.h4 g5 18.a3 Rb8 19.Nge2 fxe4 20.Rh3 exf3 21.Rxf3 Rxf3 22.gxf3 Qf6 23.Rf1 Nf5 24.Rh1 Rf8 25.Ng1 Ne7 26.Rh3 Qf7 27.h5 a5 28.h6+ Kh8 29.Qg3 Qf4+ 30.Kb1 Rf6 31.Nce2 Qxg3 32.Nxg3 Nxd5 33.Rh5 Rg6 34.Nh3 Ne6 35.Nf5 Nf6 36.Ne7 Nxh5 37.Nxg6+ hxg6 38.Nf2 Kh7 39.Ng4 Nd4 40.c3 Nxf3 41.Kc2 Ng3 42.Kd3 Nf5 43.Ke4 Nd2+ 44.Kd5 Nxh6 45.Nf6+ Kg7 46.Ne8+ Kf7 47.Nxc7 g4 48.Kxd6 g3 49.Ne6 g2 50.Ng5+ Kg8 51.Nh3 e4
0-1

[Event "Kieler Open 2017-B"]
[Site "Kiel"]
[Date "2017.08.02"]
[Round "7.22"]
[White "Höfken, Fynn-Lukas"]
[Black "Salwasser, Andrej"]
[Result "1/2-1/2"]
[WhiteElo "792"]
[BlackElo "1081"]
[Annotator "RW"]
[PlyCount "44"]

1.e4 e5 2.Nf3 Nc6 3.Bc4 Bc5 4.Nc3 Nf6 5.0-0 d6 6.d3 0-0 7.Qe2 Nd4 8.Nxd4 Bxd4 9.Nd5 c6 10.Nxf6+ Qxf6 11.c3 Bc5 12.Be3 b5 13.Bb3 Qg6 14.Bxc5 Bh3 15.Qf3 Bg4 16.Qg3 dxc5 17.f3 Bh5 18.Qxg6 Bxg6 19.c4
1/2-1/2

[Event "Kieler Open 2017-B"]
[Site "Kiel"]
[Date "2017.08.03"]
[Round "8.1"]
[White "Bahr, Arne"]
[Black "Kreutz, Ralf"]
[Result "1-0"]
[WhiteElo "1667"]
[BlackElo "1666"]
[Annotator "RW"] 
[PlyCount "44"]

1.f4 e5 2.Nc3 exf4 3.Nf3 Be7 4.d3 Bh4+ 5.Nxh4 Qxh4+ 6.Kd2 Nc6 7.Qe1 Qe7 8.Kd1 g5 9.h4 Qe5 10.hxg5 Qxg5 11.Qf2 d6 12.Bxf4 Qa5 13.e4 Bg4+ 14.Be2 Bxe2+ 15.Kxe2 0-0-0 16.Bd2 Qe5 17.Raf1 f5 18.Qxf5+ Qxf5 19.exf5 Rf8 20.Kd1 Nf6 21.Bg5 Rhg8 22.Bxf6 Rxf6 23.Rxh7 Nd4 24.Nd5 Rxf5 25.Ne7+ Kd8 26.Nxf5
1-0

[Event "Kieler Open 2017-B"]
[Site "Kiel"]
[Date "2017.08.03"]
[Round "8.2"]
[White "Viol, Joshua"]
[Black "Schwerdt, Alwin Elias"]
[Result "0-1"]
[WhiteElo "1612"]
[BlackElo "1553"]
[Annotator "RW"]
[PlyCount "44"]

1.e4 e5 2.f4 exf4 3.Nf3 Nf6 4.Nc3 Bb4 5.d3 d6 6.Bxf4 Nc6 7.Be2 0-0 8.0-0 h6 9.Qe1 Nh5 10.Be3 Qe8 11.a3 Bxc3 12.Qxc3 f5 13.Nd4 Bd7 14.Bxh5 Qxh5 15.Nxf5 Bxf5 16.Rxf5 Rxf5 17.exf5 Rb8 18.Rf1 Qe8 19.Qc4+ Kh7 20.Qf4 Qf7 21.g4 Rf8 22.h4 Qf6 23.g5 hxg5 24.hxg5 Qe5 25.Qh4+ Kg8 26.Rf3 Rxf5 27.Rxf5 Qxf5 28.Kg2 a6 29.Qf4 Qxf4 30.Bxf4 g6 31.c3 Kf7 32.Kf3 Ke6 33.Ke4 d5+ 34.Ke3 Ne5 35.Kd4 c5+ 36.Kxc5 Nxd3+ 37.Kb6 Nxf4 38.Kxb7 a5 39.Kb6 a4 40.Kb5 Nd3 41.Kxa4 Nxb2+ 42.Kb3 Nc4 43.a4 Kd6 44.Kb4 Kc6 45.a5 Nxa5
0-1

[Event "Kieler Open 2017-B"]
[Site "Kiel"]
[Date "2017.08.03"]
[Round "8.3"]
[White "Sowa, Kay"]
[Black "Gerigk, Daniel"]
[Result "0-1"]
[WhiteElo "1713"]
[BlackElo "1626"]
[Annotator "RW"]
[PlyCount "80"]

1.d4 Nf6 2.Bf4 e6 3.e3 d5 4.Nf3 Bd6 5.Bg3 Ne4 6.Bxd6 Qxd6 7.c3 Nd7 8.Bd3
O-O 9.Nbd2 f5 10.Qe2 b6 11.h3 c5 12.g4 c4 13.Bc2 a5 14.gxf5 exf5 15.Nxe4
fxe4 16.Nd2 Nf6 17.a4 Bf5 18.O-O-O b5 19.axb5 a4 20.Nxc4 dxc4 21.Qxc4+ Be6
22.Qc5 Qd7 23.Qb4 Nd5 24.Qa3 Qxb5 25.Bxe4 Rxf2 26.Bd3 Qc6 27.e4 Nf4 28.d5
Nxd3+ 29.Rxd3 Qc4 30.Rd4 Qe2 31.Kb1 Bxh3 32.d6 Rb8 33.Rb4 Rxb4 34.Qxb4 Bg2
35.d7 Qd3+ 36.Ka2 Bxh1 37.Qxa4 Rf8 38.Qb3+ Kh8 39.Qe6 Qxe4 40.Qd6 Qd5+ 0-1

[Event "Kieler Open 2017-B"]
[Site "Kiel"]
[Date "2017.08.03"]
[Round "8.4"]
[White "Werner, René"]
[Black "Zielke, Bernd"]
[Result "1-0"]
[WhiteElo "1874"]
[BlackElo "1686"]
[Annotator "RW"]
[PlyCount "44"]

1.c4 f5 2.d4 c6 3.g3 g6 4.Bg2 Nf6 5.Nc3 d6 6.Nf3 Bg7 7.0-0 0-0 8.b4 Bd7 9.Bb2 Na6 10.a3 Nc7 11.Rc1 Re8 12.Qb3 e6 13.Rfe1 Ne4 14.e3 d5 15.c5 Qc8 16.a4 b6 17.cxb6 axb6 18.Nxe4 fxe4 19.Ne5 Bxe5 20.dxe5 Qb7 21.Rc2 Rf8 22.Ra1 Rf7 23.Bd4 Ne8 24.Rb2 Ng7 25.a5 bxa5 26.Rxa5 Rxa5 27.bxa5 Bc8 28.Bf1 Qxb3 29.Rxb3 Rb7 30.Bb6 Rb8 31.a6 Bd7 32.a7
1-0

[Event "Kieler Open 2017-B"]
[Site "Kiel"]
[Date "2017.08.03"]
[Round "8.5"]
[White "Jung, Ingo"]
[Black "Zechel, Rolf-Rüdiger"]
[Result "1/2-1/2"]
[WhiteElo "1648"]
[BlackElo "1707"]
[Annotator "RW"]
[PlyCount "44"]

1.e4 c5 2.Nc3 Nc6 3.g3 g6 4.Bg2 Bg7 5.Nge2 d6 6.0-0 Nf6 7.d3 0-0 8.h3 Bd7 9.Be3 a6 10.a4 h6 11.Qd2 Kh7 12.Kh2 e6 13.f4 Qc7 14.d4
1/2-1/2

[Event "Kieler Open 2017-B"]
[Site "Kiel"]
[Date "2017.08.03"]
[Round "8.6"]
[White "Koch, Ralf-Johannes"]
[Black "Plichta, Hans-Reiner"]
[Result "0-1"]
[WhiteElo "1787"]
[BlackElo "1837"]
[Annotator "RW"]
[PlyCount "44"]

1.e4 c5 2.Nc3 Nc6 3.f4 e6 4.Nf3 d5 5.e5 Nh6 6.g3 a6 7.Bg2 Be7 8.d3 b5 9.0-0 Bb7 10.Ne2 Qc7 11.c3 0-0 12.d4 Rfc8 13.h3 cxd4 14.Nfxd4 Nxd4 15.Nxd4 Bc5 16.Be3 Bxd4 17.Bxd4 Nf5 18.Bf2 Rd8 19.Rc1 Rd7 20.g4 Ne7 21.Qf3 Qa5 22.a3 d4 23.Qd3 Bxg2 24.Kxg2 Rad8 25.cxd4 Nd5 26.Kg3 Qb6 27.Rfd1 g6 28.Qd2 Qb8 29.Qe2 f5 30.g5 Rc8 31.Rxc8+ Qxc8 32.Rd2 Rc7 33.Be3 b4 34.axb4 Nxb4 35.Bf2 Rc4 36.Be3 Qc6 37.Qg2 Nd5 38.Bg1 Rc1 39.Qf2 Qc4 40.Kg2 a5 41.Kh2 a4 42.Kg2 Kg7 43.Bh2 Rb1 44.Bg1 Rc1 45.Bh2 Qb3 46.Bg1 Rc4 47.Kh2 Rc1 48.Kg2 Qc4 49.Kh2 Rf1 50.Qg2 Rxf4 51.Qe2 Qxe2+ 52.Rxe2 Rf3 53.Rg2 Rb3 54.Rf2 Nb4 55.Rd2 Kf7 56.h4 Nd3 57.Kh1 Nxb2 58.d5 exd5 59.Rxd5 a3 60.Ra5 Nc4 61.Ra7+ Ke6 62.Bc5 Kxe5 63.Ra4 Kd5 64.Bf8 Rb1+ 65.Kg2 Rb2+ 66.Kh3 a2 67.Bg7 Rc2 68.Bf6 Ke4 69.Ba1 f4
0-1

[Event "Kieler Open 2017-B"]
[Site "Kiel"]
[Date "2017.08.03"]
[Round "8.7"]
[White "Salwasser, Christian"]
[Black "Kathage, Holger"]
[Result "1-0"]
[WhiteElo "1658"]
[BlackElo "1717"]
[Annotator "RW"]
[PlyCount "44"]

1.e4 c5 2.Nf3 d6 3.d4 cxd4 4.Nxd4 Nf6 5.f3 a6 6.Be3 e5 7.Nb3 Be6 8.Nc3 Be7 9.Qd2 0-0 10.0-0-0 Qc7 11.Kb1 Nbd7 12.g4 Nb6 13.h4 Rac8 14.h5 d5 15.exd5 Nfxd5 16.Bxb6 Nxc3+ 17.Qxc3 Qxb6 18.Qxe5 Bf6 19.Qe4 Qc6 20.Bd3 Qxe4 21.Bxe4 Bxb3 22.axb3 Rc7 23.Rhe1 Bh4 24.Re3 b6 25.f4 g6 26.hxg6 fxg6 27.f5 gxf5 28.Bxf5 Kg7 29.Rh3 Bd8 30.Rxd8
1-0

[Event "Kieler Open 2017-B"]
[Site "Kiel"]
[Date "2017.08.03"]
[Round "8.8"]
[White "Hogreve, Holger"]
[Black "Günther, Emil"]
[Result "0-1"]
[WhiteElo "1496"]
[BlackElo "1610"]
[Annotator "RW"] 
[PlyCount "44"]

1.d4 Nf6 2.Bf4 d6 3.Nf3 g6 4.h3 Bg7 5.c3 0-0 6.Nbd2 Nbd7 7.e3 Re8 8.Bc4 e5 9.Bg5 h6 10.Bxf6 Qxf6 11.0-0 e4 12.Nh2 Nb6 13.Bb3 Qe7 14.Rc1 Kh8 15.c4 Nd7 16.Bc2 f5 17.b3 c5 18.dxc5 dxc5 19.Rb1 Ne5 20.Qe2 Be6 21.f3 exf3 22.Ndxf3 Bf7 23.Nxe5 Qxe5 24.Rfe1 f4 25.Qf3 Re7 26.Ng4 Qc3 27.Be4 fxe3 28.Nxe3 Rae8 29.Rbc1 Qd4 30.Kh1 Qxe4 31.Qf1 Qh4 32.Nc2 Qf6 33.Kh2 Rxe1 34.Qxf6 Bxf6 35.Rxe1 Rxe1 36.Nxe1 g5 37.Nd3 b6 38.Nf2 Bg6 39.Ng4 Kg7 40.Nxf6 Kxf6 41.Kg3 h5 42.Kf3 Bb1 43.a3 Ba2 44.b4 cxb4
0-1

[Event "Kieler Open 2017-B"]
[Site "Kiel"]
[Date "2017.08.03"]
[Round "8.10"]
[White "Rempe, Janne"]
[Black "Dao, Joerg"]
[Result "1-0"]
[WhiteElo "1237"]
[BlackElo "1489"]
[Annotator "RW"]
[PlyCount "44"]

1.d4 d5 2.Nf3 f6 3.Bf4 g5 4.Bg3 h5 5.h4 g4 6.Nfd2 Bf5 7.Nc3 e6 8.e4 Bg6 9.Qe2 Kf7 10.f4 f5 11.exf5 Bxf5 12.0-0-0 c6 13.Qe3 Nf6 14.Bd3 Kg6 15.Qxe6 Bxd3 16.cxd3 Qd7 17.f5+ Kg7 18.Qe5 b5 19.Qf4 Kg8 20.Rhe1 Bh6 21.Qe5 Kf7 22.Bf4 Re8 23.Qe6+ Rxe6 24.fxe6+ Qxe6 25.Rxe6 Bxf4 26.Rxf6+ Kxf6 27.Rf1 Kf5 28.Ne2 Nd7 29.Nxf4 g3 30.Nxd5+ Kg6 31.Ne7+ Kg7 32.Nxc6 Rc8 33.d5 Nf6 34.Kb1 Nxd5 35.Nxa7 Nb4 36.Nxb5 Nxd3 37.Nc3 Nf2 38.Nde4 Rf8 39.Nxg3 Kg6 40.Nge4 Rf4 41.Rxf2 Rxh4 42.b4 Rg4 43.b5 Kg7 44.b6 Kh8 45.b7 Rg8 46.Rb2 Rb8 47.Nf6 Kg7 48.Nd7 Rd8 49.b8Q Rxd7 50.Rf2 Kh6 51.Qf4+
1-0